Word Ladder: NBA Teams Quiz Stats

 Plays Quiz Updated Feb 17, 2016

Challenge
Share
Tweet
Embed
Score 0/14 Timer 01:30
5 Plays Today
Hint 4-Letter Word % Correct
• Miami NBA team •• HEAT •
99.1%
To defeat someoneBEAT
90.8%
• Phoenix NBA team •• SUNS •
90.6%
ListenHEAR
90.5%
• Brooklyn NBA team •• NETS •
85.2%
Bread for hot dogsBUNS
84.7%
Chair, stool, or bench, e. g.SEAT
81.6%
Hint 4-Letter Word % Correct
Baseball batting trickBUNT
75.9%
To burn or scorchSEAR
75.4%
CurvedBENT
71.7%
Put in the mailSENT
71.5%
Tennis units SETS
69.6%
TransgressionsSINS
62.5%
Opposite of risesSITS
56.3%

Today's Daily Dose

You're not logged in!

Compare scores with friends on all Sporcle quizzes.
Join for Free
OR
Log In

You Might Also Like...

Show Comments

Extras

Top Quizzes Today


Score Distribution

Your Account Isn't Verified!

In order to create a playlist on Sporcle, you need to verify the email address you used during registration. Go to your Sporcle Settings to finish the process.

Report this User

Report this user for behavior that violates our Community Guidelines.

Details: